000 00700nam a2200193Ia 4500
999 _c53133
_d53133
001 20172
003 GE_BSU
005 20250630170544.0
008 181216s1970||||ru |||||||||||||| ||rus||
040 _cGE_BSU
100 _aГенкель, П. А.
_925577
245 _aФизиология Растений :
_bУчеб. пособ. по факультативному курсу для 9 класса /
_cП. А. Генкель ; Ред. : Е. Н. Хунцкария.
264 _aМосква :
_bПросвешение,
_c1970.
300 _a175 стр. :
_bил. ;
_c21 см.
541 _h4Л,
653 _aботаника
653 _aФзиология Растений
942 _cBK
_2udc